Arab World, Nation State and Democracy (Record no. 13727)

MARC details
000 -LEADER
fixed length control field 00574nam a2200229 a 4500
020 ## - INTERNATIONAL STANDARD BOOK NUMBER
ISBN 0862328853
082 00 - DEWEY DECIMAL CLASSIFICATION NUMBER
Classification number 956
Author Cutter MAN
100 ## - MAIN ENTRY--AUTHOR NAME
Author name Mansour, Fawzy
245 ## - TITLE STATEMENT
Title Arab World, Nation State and Democracy
260 ## - PUBLICATION, DISTRIBUTION, ETC. (IMPRINT)
Place of publication New Jersey
Name of publisher Zed Books
Year of publication 1992
300 ## - PHYSICAL DESCRIPTION
Number of Pages 135p
500 ## - GENERAL NOTE
General note includes index and biblioraphy
505 2# - FORMATTED CONTENTS NOTE
Formatted contents note Bibliography, Index
942 ## - ADDED ENTRY ELEMENTS (KOHA)
Koha item type Books
700 1# -
-- Mansour, Fawzy
Holdings
Collection code Home library Current library Date acquired Cost, normal purchase price Full call number Accession Number Koha item type
  Henry Martyn Institute Library Henry Martyn Institute Library 05/24/2005 273.70 956 MAN 021003 Books
                   Copyright © 2026 | Henry Martyn Institute | Hyderabad | TS-500052 | INDIA | Implemented by hmi.edu.in
Hit-Count:

Powered by Koha